Determinación de condiciones de reacción para la obtención de hidroxiacetona a partir de glicerol en fase gas
Guardado en:
| 主要作者: | |
|---|---|
| 其他作者: | |
| 格式: | 圖書 |
| 語言: | Spanish |
| 出版: |
San José, Costa Rica,
2019
|
| 主題: | |
| 標簽: |
添加標簽
沒有標簽, 成為第一個標記此記錄!
|
MARC
| LEADER | 00000nam a22000007a 4500 | ||
|---|---|---|---|
| 003 | 013121 | ||
| 005 | 20230505153211.0 | ||
| 008 | 190925b xxu||||| |||| 00| 0 spa d | ||
| 040 | |c cru CEDI | ||
| 100 | |9 500 |a Ortega Quesada, Braulio Andrés, 1994- | ||
| 245 | |a Determinación de condiciones de reacción para la obtención de hidroxiacetona a partir de glicerol en fase gas | ||
| 260 | |a San José, Costa Rica, |c 2019 | ||
| 500 | |a Proyecto de graduación(licenciatura en ingeniería química)--Universidad de Costa Rica. Facultad de Ingeniería. Escuela de Ingeniería Química | ||
| 501 | |a Directora de Proyecto de Graduación: Ing. Bárbara Miranda Morales, PhD | ||
| 650 | |x ACETOL |x CATALIZADORES |x REACCIONES QUIMICAS |x GLICERINA | ||
| 700 | |9 24 |a Miranda Morales, Bárbara Cristina, 1983- |d Directora del TFG | ||
| 942 | |c CEDI |h TFG 8271 |6 TFG_8271_000000000000000 | ||
| 999 | |c 21800 |d 21800 | ||
